00633nam a2200193 a 4500001001300000003000900013005001700022008004100039020002300080082001500103100002200118245008100140260004400221300000900265500003500274505008400309650002400393700002200417nice12345678IN_TiNIC20260116013853.0050524s1995 mica grp 000 0 eng  a0802803 c24500a222.5bWAL aWallace, Ronald S aReadingsw in 1 Kingsb an Introduction Arranged for Personal & Group Bible S aMichiganbWilliam B.Eerdmans Pub c1995 a174p aincludes index and biblioraphy2 aIndex of author/New studies in Biblical Theology No.3, Series editor:D.A Carson aBible O.T. King 1st1 aWallace, Ronald S